| 000 | 01075nam a22002897a 4500 | ||
|---|---|---|---|
| 001 | 7547 | ||
| 003 | FISKH | ||
| 005 | 20250723154926.0 | ||
| 008 | 250723b cb ||||| |||| 00| 0 eng d | ||
| 020 | _a9780545470636 | ||
| 040 |
_aFISKH _beng _cFISKH _dFISKH |
||
| 050 | _a PZ7.F9224 D | ||
| 082 | _a 813.6 | ||
| 100 |
_aFry, Jason _d(1969-) |
||
| 245 |
_aStar wars : _bThe clone wars / _cDarth Maul Shadow Consipiracy ; By Jason Fry |
||
| 250 | _aThis edition first published 2012 | ||
| 260 |
_aNew York : _bScholastic, _c2012 |
||
| 300 |
_a184 pages : _billustrations ; _c20 cm |
||
| 505 | _aZ | ||
| 520 | _aDarth Maul--the infamous villain of Star Wars: Episode I The Phantom Menace--is back, and he wants vengeance against his most hated enemy: Obi-Wan Kenobi. When Darth Maul reunites with Savage Opress, the two Sith brothers threaten to unleash terror across the galaxy! | ||
| 521 | 8 |
_a960
_bLexile |
|
| 521 | 8 |
_aZ
_bRaz-Plus |
|
| 650 |
_2Chapter book _aBajio Library |
||
| 650 |
_2Star Wars _aScience fiction |
||
| 942 |
_2ddc _cBK _n0 |
||
| 999 |
_c7547 _d7547 |
||